000 00306nam a22001217a 4500
008 170328b xxu||||| |||| 00| 0 eng d
041 _aeng
080 _24 ED
_a615.83
100 _a8
101 _aSHM
245 _aAIDS TO THE EXAMINATION OF THE PERIPHERAL NERVOUS SYSTEM
_cSAUNDERS.W.B
942 _2udc
_cBK
999 _c8845
_d8845